000 00903nam a22001937a 4500
999 _c59516
_d59516
003 Ge_BSU
005 20230307114955.0
008 230307s2002 ge ||||| |||| 00| 0 geo d
041 _ageo
080 _a347.961(479.22) ს-97
100 _aსუხიტაშვილი, დავით
_99248
245 _aსაქართველოს სანოტარო სამართალი /
_cდავით სუხიტაშვილი; რედაქტორები რომან შენგელია.
264 _aთბილისი,
_c 2002.
300 _a257 გვ. ;
_b20 სმ.
504 _aბიბლიოგრაფია: გვ. 255-257.
653 _aსაქართველოს სანოტარო სამართალი
700 _aშენგელია, რომან
_eრედაქტორი
_917126
942 _2udc
_cBK